00600nam a2200217 a 4500001001300000003000900013005001700022008004100039020002300080082001700103100002100120245003100141260004300172300000900215500003500224505001600259650001800275650002900293650003900322700002100361nice12345678IN_TiNIC20260116012243.0050524s1990 usaa grp 000 0 eng  a0292079 c50000a332.041bIBR aIbrahim, Mahmood aMerchant Capital and Islam aUSA.bUniversity of Texas Press c1990 a246p aincludes index and biblioraphy2 aArabic-Urdu aIslam-History aMerchants-Islamic Empire aMecca Saudi Arabia-Commerce Histor1 aIbrahim, Mahmood